Quiz sur la Haute-Marne - Statistiques

Statistiques générales
  • Ce quiz a été pris 449 fois
  • Le résultat moyen est 13 sur 20
Statistiques - réponses
Question Réponse % Correct
Numéro du département 52
99%
Région Grand-Est
99%
Préfecture Chaumont
93%
Marne
89%
Départements limitrophes Aube
87%
Sous-préfecture et plus grande ville Saint-Dizier
85%
Homme d'état décédé à Colombey-les-Deux-Eglises. Charles de Gaulle
84%
Autre sous-préfecture Langres
83%
Côte-d'Or
81%
Vosges
77%
Meuse
75%
Gentilé Haut-Marnais
66%
Marque de glaces originaire de la plus grande ville du département. Miko
57%
Haute-Saône
56%
Type de structure aux dimensions hors-normes (600 mètres de long et 52 mètres de haut) que l'on trouve à proximité de la préfecture. Viaduc
48%
Nombre d'habitants (arrondi à la dizaine de milliers d'habitants) 180 000 (175 640)
40%
Parc national qui s'étend en partie sur le nord de la Haute-Marne. Parc national de forêts
40%
La deuxième sous-préfecture est l'une des villes avec les plus longues ... d'Europe. fortifications
36%
Village au nom animalier jumelé avec la commune d'Avril en Meurthe-et-Moselle. Poissons
29%
Activité économique importante pour la Haute-Marne qui est le sujet d'un complexe touristique réparti en 4 sites. Métallurgie
13%
Aucun quiz correspondant
Distribution des résultats
% des personnes avec chaque résultat
Percentile par nombre de réponses
Votre historique - résultats
Vous n’avez pas pris ce quiz